000 00239nam a2200097Ia 4500
001 1220785
005 20250827092817.0
008 250824s9999 xx 000 0 und d
245 0 _aRUHLAR DÜKKANI
_cSTEPHEN KING
260 _bALTIN KİTAPLAR
999 _c1220785
_d1220785